Dictionary of the Old Testament : (Record no. 7173)
[ view plain ]
| 000 -LEADER | |
|---|---|
| fixed length control field | 01164cam a22002894a 4500 |
| 001 - CONTROL NUMBER | |
| control field | 14106761 |
| 003 - CONTROL NUMBER IDENTIFIER | |
| control field | GBCCL |
| 005 - DATE AND TIME OF LATEST TRANSACTION | |
| control field | 20241126110621.0 |
| 008 - FIXED-LENGTH DATA ELEMENTS--GENERAL INFORMATION | |
| fixed length control field | 050913s2005 iluab bd 001 0 eng |
| 010 ## - | |
| -- | 2005026648 |
| 020 ## - INTERNATIONAL STANDARD BOOK NUMBER | |
| International Standard Book Number | 0830817824 (cloth : alk. paper) |
| 040 ## - CATALOGING SOURCE | |
| Original cataloging agency | DLC |
| Transcribing agency | DLC |
| Modifying agency | DLC |
| 042 ## - | |
| -- | pcc |
| 050 00 - | |
| -- | BS1205.55 |
| -- | .D53 2005 |
| 082 00 - DEWEY DECIMAL CLASSIFICATION NUMBER | |
| Classification number | 222.03 |
| Edition information | 22 |
| Item number | DIC |
| 245 00 - TITLE STATEMENT | |
| Title | Dictionary of the Old Testament : |
| Remainder of title | historical books / |
| Statement of responsibility, etc. | editors, Bill T. Arnold, H.G.M. Williamson. |
| 260 ## - PUBLICATION, DISTRIBUTION, ETC. | |
| Place of publication, distribution, etc. | Downers Grove, Ill. : |
| Name of publisher, distributor, etc. | InterVarsity Press, |
| Date of publication, distribution, etc. | c2005. |
| 300 ## - PHYSICAL DESCRIPTION | |
| Extent | xxiii, 1060 p. : |
| Other physical details | ill., maps ; |
| Dimensions | 26 cm. |
| 504 ## - BIBLIOGRAPHY, ETC. NOTE | |
| Bibliography, etc. note | Includes bibliographical references and indexes. |
| 630 00 - SUBJECT ADDED ENTRY--UNIFORM TITLE | |
| Uniform title | Bible. |
| Name of part/section of a work | Historical books |
| Form subdivision | Dictionaries. |
| 9 (RLIN) | 12681 |
| 700 1# - ADDED ENTRY--PERSONAL NAME | |
| Personal name | Arnold, Bill T. |
| 9 (RLIN) | 12682 |
| 700 1# - ADDED ENTRY--PERSONAL NAME | |
| Personal name | Williamson, H. G. M. |
| Fuller form of name | (Hugh Godfrey Maturin), |
| Dates associated with a name | 1947- |
| 9 (RLIN) | 12683 |
| 856 41 - ELECTRONIC LOCATION AND ACCESS | |
| Materials specified | Table of contents |
| Uniform Resource Identifier | <a href="http://www.loc.gov/catdir/toc/ecip0519/2005026648.html">http://www.loc.gov/catdir/toc/ecip0519/2005026648.html</a> |
| 906 ## - LOCAL DATA ELEMENT F, LDF (RLIN) | |
| a | 7 |
| b | cbc |
| c | orignew |
| d | 1 |
| e | ecip |
| f | 20 |
| g | y-gencatlg |
| 942 ## - ADDED ENTRY ELEMENTS (KOHA) | |
| Source of classification or shelving scheme | Dewey Decimal Classification |
| Koha item type | Reference Books |
| Withdrawn status | Lost status | Source of classification or shelving scheme | Damaged status | Not for loan | Home library | Current Library | Shelving location | Date acquired | Source of acquisition | Total checkouts | Full call number | Barcode | Date last seen | Copy number | Price effective from | Koha item type |
|---|---|---|---|---|---|---|---|---|---|---|---|---|---|---|---|---|
| Dewey Decimal Classification | GRACE BIBLE COLLEGE | GRACE BIBLE COLLEGE | Dictionary | 2018-07-16 | LANGHAM | 222.03 DIC | 020004 | 2025-05-01 | c.1 | 2018-07-16 | Reference Books |